ARRUPE JESUIT UNIVERSITY

CORONAVIRUS -STOP THE SPREAD - CLEAN,DISINFECT,COVER

Mission and ministry. (Record no. 125347)

MARC details
000 -LEADER
fixed length control field 00894nam a2200313 4500
001 - CONTROL NUMBER
control field 3714378
003 - CONTROL NUMBER IDENTIFIER
control field ARRUPE
005 - DATE AND TIME OF LATEST TRANSACTION
control field 20160927093350.0
008 - FIXED-LENGTH DATA ELEMENTS--GENERAL INFORMATION
fixed length control field 720104s1971 enk b 000 0 eng
010 ## - LIBRARY OF CONGRESS CONTROL NUMBER
LC control number 79876520
015 ## - NATIONAL BIBLIOGRAPHY NUMBER
National bibliography number B71-12179
020 ## - INTERNATIONAL STANDARD BOOK NUMBER
International Standard Book Number 0722006195
040 ## - CATALOGING SOURCE
Original cataloging agency DLC
Transcribing agency DLC
Modifying agency DLC
043 ## - GEOGRAPHIC AREA CODE
Geographic area code f------
050 00 - LIBRARY OF CONGRESS CALL NUMBER
Classification number BV3500
Item number .H34
082 00 - DEWEY DECIMAL CLASSIFICATION NUMBER
Classification number 266.2/67
300 ## - PHYSICAL DESCRIPTION
Dimensions 20 cm.
100 1# - MAIN ENTRY--PERSONAL NAME
Personal name Hastings, Adrian.
9 (RLIN) 26190
245 10 - TITLE STATEMENT
Title Mission and ministry.
260 ## - PUBLICATION, DISTRIBUTION, ETC. (IMPRINT)
Place of publication, distribution, etc London,
Name of publisher, distributor, etc Sheed and Ward,
Date of publication, distribution, etc 1971.
300 ## - PHYSICAL DESCRIPTION
Extent ix, 214 p.
350 ## - PRICE (NR) (BK AM CF MU VM SE) [OBSOLETE]
Price £1.65
490 0# - SERIES STATEMENT
Series statement Sheed and Ward stagbooks
504 ## - BIBLIOGRAPHY, ETC. NOTE
Bibliography, etc Includes bibliographical references.
650 #0 - SUBJECT ADDED ENTRY--TOPICAL TERM
Topical term or geographic name as entry element Missions
Geographic subdivision Africa.
9 (RLIN) 26191
650 #0 - SUBJECT ADDED ENTRY--TOPICAL TERM
Topical term or geographic name as entry element Church and social problems
Geographic subdivision Africa.
9 (RLIN) 26192
650 #0 - SUBJECT ADDED ENTRY--TOPICAL TERM
Topical term or geographic name as entry element Pastoral theology
General subdivision Catholic Church.
9 (RLIN) 26193
906 ## - LOCAL DATA ELEMENT F, LDF (RLIN)
a 7
b cbc
c orignew
d 3
e ncip
f 19
g y-gencatlg
942 ## - ADDED ENTRY ELEMENTS (KOHA)
Source of classification or shelving scheme Library of Congress Classification
Koha item type Monograph ( Printed materials)
Holdings
Withdrawn status Lost status Source of classification or shelving scheme Damaged status Not for loan Collection code Home library Current library Shelving location Date acquired Total Checkouts Full call number Barcode Date last seen Price effective from Koha item type
    Library of Congress Classification     Main Collection ARRUPE LIBRARY ARRUPE LIBRARY Main Collection 27/09/2016   BV3500 .H34 46500010716 24/01/2017 27/09/2016 Monograph ( Printed materials)

 

Arrupe Library. PO Box MP320 Mt Pleasant, Harare, Zimbabwe
263 242 745411|librarian@aju.ac.zw